Logo CIB grande

THE OCEANS (Registro nro. 233969)

Detalles MARC
000 -LEADER
campo de control de longitud fija 00505nam a2200217Ia 4500
005 - FECHA Y HORA DE LA ÚLTIMA TRANSACCIÓN
campo de control 20250425162651.0
008 - DATOS DE LONGITUD FIJA--INFORMACIÓN GENERAL
campo de control de longitud fija 250425s9999 xx 000 0 und d
041 ## - CÓDIGO DE IDIOMA
Código de lengua del texto/banda sonora o título independiente eng
082 ## - NÚMERO DE LA CLASIFICACIÓN DECIMAL DEWEY
Número de clasificación 551.46
010 ## - NÚMERO DE CONTROL DE LA BIBLIOTECA DEL CONGRESO
Número de control de LC 95310
100 ## - ENTRADA PRINCIPAL--NOMBRE DE PERSONA
Nombre de persona SVERDRUP, H.
245 #0 - MENCIÓN DEL TÍTULO
Título THE OCEANS
250 ## - MENCION DE EDICION
Mención de edición S.E
260 ## - PUBLICACIÓN, DISTRIBUCIÓN, ETC.
Lugar de publicación, distribución, etc. Estados Unidos
Nombre del editor, distribuidor, etc. PRENTICE - HALL, INC.
Fecha de publicación, distribución, etc. 1970
260 ## - PUBLICACIÓN, DISTRIBUCIÓN, ETC.
Lugar de publicación, distribución, etc. NEW YORK
300 ## - DESCRIPCIÓN FÍSICA
Extensión 1058
650 ## - PUNTO DE ACCESO ADICIONAL DE MATERIA--TÉRMINO DE MATERIA
Término de materia o nombre geográfico como elemento de entrada OCEANOGRAFIA
700 ## - ENTRADA AGREGADA--NOMBRE PERSONAL
Nombre de persona FLEMING, WENDELL H.
700 ## - ENTRADA AGREGADA--NOMBRE PERSONAL
Nombre de persona JOHNSON, MARTIN W.
942 ## - ELEMENTOS DE ENTRADA SECUNDARIOS (KOHA)
Tipo de ítem Koha Libros
Existencias
Estatus retirado Estado de pérdida Estado de daño No para préstamo Biblioteca de origen Biblioteca actual Fecha de adquisición Coste, precio normal de compra Total de préstamos Código de barras Copia número
        CENTRO NACIONAL DE INVESTIGACIONES MARINAS CENTRO NACIONAL DE INVESTIGACIONES MARINAS 19/10/2015 10.00   D-81154 1

Copyright 2025 ESPOL. Todos los derechos reservados.